U.S. Geography by Letter - J - Statistics

General Stats
  • This quiz has been taken 504 times
  • The average score is 10 of 16
Answer Stats
Hint Answer % Correct
Musical genre that got its start in New Orleans Jazz
99%
Capital of Alaska Juneau
97%
Biggest city in Florida by city proper Jacksonville
92%
New York City's busiest airport John F. Kennedy
92%
Most practiced non-Christian religion Judaism
81%
Capital of Missouri Jefferson City
79%
First permanent English colony in the New World Jamestown
75%
Texan holiday which celebrates the end of slavery Juneteenth
68%
Cajun dish similar to paella Jambalaya
67%
National Park in southern California Joshua Tree
57%
Second-largest Chicago suburb Joliet
43%
Strait between Washington and Vancouver Island {Juan} de Fuca
42%
African-American dialect spoken in "Airplane!" Jive
41%
City in the New York metropolitan area Jersey City
37%
Boston neighborhood {Jamaica} Plain
33%
Pennsylvanian city that was struck by a deadly flood in 1889 Johnstown
29%
No matching quizzes found
Score Distribution
Percent of People with Each Score
Percentile by Number Answered
Your Score History
You have not taken this quiz